| 000 | 00000nam 2200000zi 4500 |
| 001 | 9.894292 |
| 003 | CaOODSP |
| 005 | 20240910084451 |
| 006 | m o d f |
| 007 | cr |n||||||||| |
| 008 | 201203t19771977oncad ob f000 0 eng d |
| 020 | |z0660006219 |
| 040 | |aCaOODSP|beng|erda|cCaOODSP |
| 043 | |an-cn--- |
| 086 | |aZ1-1975/1-41-13E-PDF|zZ1-1975/1-41-13 |
| 100 | 1 |aLitvak, I. A. |q(Isaiah A.), |d1936- |eauthor. |
| 245 | 10|aAlcan Aluminium Limited : |ba case study / |cby Isaiah A. Litvack and Christopher J. Maule, Department of Economics and School of International Affairs, Carleton University. |
| 264 | 1|aMississauga, Ontario : |bPhase I Printing Limited, |cFebruary 1977. |
| 264 | 4|bMinister of Supply and Services Canada, |c©1977 |
| 300 | |a1 online resource (vii, 229 pages) : |bgraphs, illustration. |
| 336 | |atext|btxt|2rdacontent |
| 337 | |acomputer|bc|2rdamedia |
| 338 | |aonline resource|bcr|2rdacarrier |
| 490 | 1 |aStudy ; |vno. 13 |
| 500 | |aDigitized edition from print [produced by Privy Council Office]. |
| 500 | |aIssued also in French under title: Alcan Aluminium limitée : une étude de cas. |
| 504 | |aIncludes bibliographical references. |
| 505 | 0 |aAlcan—An Overview -- Historical Evolution of Alcan -- Corporate Strategy and Structure -- Corporate Impact on Canada -- Notes -- Appendix -- Selected Bibliography. |
| 520 | |a"The terms of reference for this study are to examine the origins and evolution of Alcan Aluminium Limited, with emphasis on the Canadianization of its operations over time; the corporate strategy of the firm and the associated organizational structure; and the economic and social impact of the Company on Canada"--Introduction, page 1. |
| 610 | 20|aAlcan Aluminium Limited. |
| 610 | 26|aAlcan aluminium limiteĢe. |
| 650 | 0|aAluminum industry and trade|zCanada. |
| 650 | 0|aIndustrial concentration|zCanada. |
| 650 | 6|aAluminium|xIndustrie|zCanada. |
| 650 | 6|aConcentration d'entreprises|zCanada. |
| 710 | 1 |aCanada. |bRoyal Commission on Corporate Concentration, |eissuing body. |
| 775 | 08|tAlcan Aluminium limitée : |w(CaOODSP)9.943049 |
| 830 | #0|aStudy (Canada. Royal Commission on Corporate Concentration)|vno. 13.|w(CaOODSP)9.873200 |
| 856 | 40|qPDF|s91.26 MB|uhttps://publications.gc.ca/collections/collection_2020/bcp-pco/Z1-1975-1-41/Z1-1975-1-41-13-eng.pdf |